Central Library OPAC University of Rajshahi

Theory and techniques of optimization for practicing engineers / (Record no. 50915)

MARC details
000 -LEADER
fixed length control field 00942nam a2200277 a 4500
001 - CONTROL NUMBER
control field 50915
003 - CONTROL NUMBER IDENTIFIER
rucl marc code BD-RjUL
005 - DATE AND TIME OF LATEST TRANSACTION
control field 20211209075602.0
008 - FIXED-LENGTH DATA ELEMENTS--GENERAL INFORMATION
fixed length control field 160828s1971 nyu b 001 0 eng
020 ## - INTERNATIONAL STANDARD BOOK NUMBER
International Standard Book Number 0389005096
035 ## - SYSTEM CONTROL NUMBER
System control number (BD-RjUL)51035
040 ## - CATALOGING SOURCE
Original cataloging agency DLC
Transcribing agency DLC
Modifying agency m.c.
-- RCD
-- BD-RjUL
Language of cataloging eng
041 ## - LANGUAGE CODE
Language code of text/sound track or separate title eng
082 ## - DEWEY DECIMAL CLASSIFICATION NUMBER
Edition number 23
Classification number 519.6
Author mark and year ZAT 1971
100 1# - MAIN ENTRY--PERSONAL NAME
Personal name Zahradnik, Raymond L.,
Dates associated with a name 1936-
9 (RLIN) 152399
245 10 - TITLE STATEMENT
Title Theory and techniques of optimization for practicing engineers /
Statement of responsibility, etc. Raymond L. Zahradnik.
260 ## - PUBLICATION, DISTRIBUTION, ETC. (IMPRINT)
Place of publication, distribution, etc. New York :
Name of publisher, distributor, etc. Barnes & Noble,
Date of publication, distribution, etc. c1971
300 ## - PHYSICAL DESCRIPTION
Pagination xi, 326 p. ;
Size 22 cm.
490 1# - SERIES STATEMENT
Series statement Professional engineering career development series
504 ## - BIBLIOGRAPHY, ETC. NOTE
Bibliography, etc Includes Bibliography: p. 320-321. & index
650 #0 - SUBJECT ADDED ENTRY--TOPICAL TERM
Topical term or geographic name as entry element Mathematical optimization.
9 (RLIN) 131906
Topical term or geographic name as entry element Programming (Mathematics)
9 (RLIN) 151288
830 #0 - SERIES ADDED ENTRY--UNIFORM TITLE
Uniform title Professional engineering career development series.
942 ## - ADDED ENTRY ELEMENTS (KOHA)
Source of classification or shelving scheme Dewey Decimal Classification
Koha item type Books
Holdings
Lost status Source of classification or shelving scheme Damaged status Not for loan Collection code Permanent Location Current Location Shelving location Date acquired Source of acquisition Total Checkouts Full call number Date last seen Copy number Koha item type
  Dewey Decimal Classification     Non-fiction Central Library, University of Rajshahi Central Library, University of Rajshahi   14/03/1977 Asia foundation   519.6 ZAT 1971 29/08/2016 C-2 Books